Final duty

Bibliographic Details
Main Author: Carson, Paul
Format: Book
Published: London : William Heinemann Ltd. , 2000

MARC

LEADER 00000cam a2200000 7i4500
001 0000057310
005 20020702.0
020 |a 0434008257 
090 0 0 |a F   |b CAR 
100 1 |a Carson, Paul 
245 1 0 |a Final duty   |c Paul Carson 
260 |a London :   |b William Heinemann Ltd. ,   |c 2000 
300 |a 321p. ;   |c 24cm. 
999 |a 116631   |b BUKU   |c PINJAMAN   |e PERPUSTAKAAN KOMUNITI PETALING JAYA